000 00347cam a22001217a 4500
008 180718b1976 xxu||||| |||| 00| 0 eng d
082 _aA99 N315 P886
100 _aPrasad, Ganesh
245 _aNehru: a study in colonial liberalism
_cby Ganesh Prasad
260 _aDelhi
_bSterling
_c1976
300 _a218p.
650 _aNehru, Jawaharlal, 1889-1964
999 _c351720
_d351720